|
|
|
|
| LEADER |
00816nam a2200265 4500 |
| 001 |
DLU100109228 |
| 005 |
##20100617 |
| 040 |
# |
# |
|a DLU
|b vie
|
| 041 |
# |
# |
|a vie
|
| 044 |
# |
# |
|a vn
|
| 100 |
# |
# |
|a Nguyễn Văn Tuân,
|c TS.
|
| 245 |
# |
# |
|a Địa vị pháp lý của những người tiến hành tố tụng hình sự /
|c Nguyễn Văn Tuân.
|
| 653 |
# |
# |
|a Điều tra viên
|
| 653 |
# |
# |
|a Bộ luật tố tụng hình sự
|
| 653 |
# |
# |
|a Kiểm soát viên
|
| 773 |
# |
# |
|t Tạp chí Toà án nhân dân
|g Số1(2), 2008, tr. 11-15
|
| 920 |
# |
# |
|a Phòng Tạp chí -- Trung tâm Thông tin - Thư viện Trường Đại học Đà Lạt
|
| 994 |
# |
# |
|a DLU
|
| 900 |
# |
# |
|a True
|
| 911 |
# |
# |
|a Nguyễn Thị Linh Chi
|
| 925 |
# |
# |
|a G
|
| 926 |
# |
# |
|a A
|
| 927 |
# |
# |
|a BB
|
| 980 |
# |
# |
|a Thư viện Trường Đại học Đà Lạt
|